Normal view
MARC view
- السلام -تاريخ الاردن -الملك عبدالله الثاني بن الحسين
Entry Topical Term
001 - CONTROL NUMBER
- control field: 31677
003 - CONTROL NUMBER IDENTIFIER
- control field: JO-AjAnu
005 - DATE AND TIME OF LATEST TRANSACTION
- control field: 20230606075330.0
008 - FIXED-LENGTH DATA ELEMENTS
- fixed length control field: 230606|| aca||aabn | a|a d
040 ## - CATALOGING SOURCE
- Original cataloging agency: JO-AjAnu
- Transcribing agency: JO-AjAnu
150 ## - HEADING--TOPICAL TERM
- Topical term or geographic name entry element: السلام -تاريخ الاردن -الملك عبدالله الثاني بن الحسين
670 ## - SOURCE DATA FOUND
- Source citation: Work cat.: (JO-AjAnu)16264: عبداللة إبن الحسين الثاني 1999, author 31676, فرصتنا الأخيرة: السعي نحو السلام في زمن الخطر